000 00705nam a22002297a 4500
003 UA-OsUOA
001 128560
007 ta
008 20180117b un ||||| |||| 00| 0 ukr d
100 _aТомашевський А. П.
700 _aБорисов А. В.
090 _a902
_bТ56
942 _cSA
040 _aUA-OsUOA
_bukr
_cUA-OsUOA
_dUA-OsUOA
245 _aМихайло Петрович Кучера та вітчизняна історико-археологічна наука
300 _aС.79-87
955 _a0
041 _aukr
080 _a902
773 0 _w128555
_tАрхеологія
_dК.
_d2017
_g4
650 7 _a9 Географія. Біографії. Історія
_2UDC
999 _c416117
_d416117